Sanat: "Hän on se" - Dingo - Statistics

Yleistilastot
  • Tätä visaa on pelattu 8 kertaa
  • Keskiarvotulos 64 / 110
Vastaustilastot
% Oikein
hän
100%
hän?
100%
Hän
100%
joka
100%
on
100%
se,
100%
se
100%
vai
100%
vain
100%
ja
80%
voi
80%
aamen:
60%
ääntää
60%
et
60%
herttasotilaan.
60%
hiukset
60%
Itkeekö
60%
itkemään.
60%
jota
60%
lepattaa.
60%
mustat
60%
nainen,
60%
nauraako
60%
nimes
60%
oikein
60%
olla
60%
Portaillasi
60%
60%
saa
60%
seisoo
60%
sun
60%
sut
60%
tahtoo
60%
eikä
40%
elämääsi
40%
hetki
40%
hiusmerta:
40%
huulet
40%
Jokaiselle
40%
jotain
40%
kaipuusta
40%
Karma,
40%
kerta.
40%
lentämään.
40%
liikkuu.
40%
naisen
40%
paeta.
40%
puuttuu.
40%
säätää
40%
sanoja.
40%
Siitä
40%
sinun
40%
tähtiin
40%
Tämä
40%
Tarinasta
40%
Tuon
40%
voit
40%
ymmärtävän.
40%
aaveratsastaja.
20%
hullun
20%
kiipee
20%
kosketuksia,
20%
lailla
20%
Selkääs
20%
vapiset.
20%
aukee,
0%
katseet
0%
kohtaavat.
0%
leikkaa
0%
Ovi
0%
sydämen.
0%
Valo
0%
Ehtoja vastaavia visoja ei löytynyt
Tulosjakauma
Jokaisen tuloksen saaneiden osuus
Persentiili vastausten määrän mukaan
Tuloshistoriasi
Et ole pelannut tätä visaa